000 00423nam a2200181Ia 4500
008 170705s9999 xx 000 0 und d
020 _a9780439876445
245 _aLightning! /
245 _cJeff Bauer.
260 _aNew York :
260 _bScholastic,
260 _c2006
300 _a16 pages :
300 _bcolor illustration ;
300 _c23cm.
440 _aScience vocabulary readers.
500 _a520
999 _c335885
_d335885